000 00320nam a2200121Ia 4500
005 20251222154343.0
008 251222s9999||||xx |||||||||||||| ||spa||
020 _a978-607-15-0537-8
082 _a620.103/B45E
100 _a"Beer, Ferdinand P.Johnston, E. RussellMazurek, David F."
245 0 _aEstética
942 _cLIB
999 _c34599
_d34599